Table Tennis Quiz #1 - Statistics

General Stats
  • This quiz has been taken 352 times
  • The average score is 8 of 11
Answer Stats
Hint Answer % Correct
What (most common) color is the ball? white
99%
How many points do you need to win a game? 11
97%
Do players switch sides during a match? yes
96%
Which country dominates table tennis? China
94%
Is table tennis in the Olympics? yes
92%
Before deuce, how many serves does each player get? 2
84%
What (most common) color are the rubbers? red and black
74%
What is deuce? 10-10
50%
penhold
47%
What are the grips called? shakehand
46%
What does a yellow card mean? a warning
42%
No matching quizzes found
Score Distribution
Percent of People with Each Score
Percentile by Number Answered
Your Score History
You have not taken this quiz